El Salvador : (Record no. 384)
[ view plain ]
| 000 -LEADER | |
|---|---|
| campo de control de longitud fija | 01550cam a2200349Ia 4500 |
| 001 - NÚMERO DE CONTROL | |
| campo de control | 5555544 |
| 005 - FECHA Y HORA DE LA ÚLTIMA TRANSACCIÓN | |
| campo de control | 20220326193307.0 |
| 008 - DATOS DE LONGITUD FIJA--INFORMACIÓN GENERAL | |
| campo de control de longitud fija | 060222s2004 es a b 000 0 spa d |
| 010 ## - NÚMERO DE CONTROL DE LA BIBLIOTECA DEL CONGRESO | |
| Número de control de LC | 2006429086 |
| 020 ## - NÚMERO INTERNACIONAL ESTÁNDAR DEL LIBRO | |
| Número Internacional Estándar del Libro | 9992381078 |
| 020 ## - NÚMERO INTERNACIONAL ESTÁNDAR DEL LIBRO | |
| Número Internacional Estándar del Libro | 9789992381076 |
| 035 ## - NÚMERO DE CONTROL DEL SISTEMA | |
| Número de control de sistema | (NNC)5555544 |
| 035 ## - NÚMERO DE CONTROL DEL SISTEMA | |
| Número de control de sistema | (OCoLC)ocm69663150 |
| 040 ## - FUENTE DE CATALOGACIÓN | |
| Centro catalogador/agencia de origen | CDS |
| Centro/agencia transcriptor | CDS |
| Centro/agencia modificador | DLC |
| 041 1# - CÓDIGO DE IDIOMA | |
| Código de lengua del texto/banda sonora o título independiente | spa |
| Código de lengua original | eng |
| 082 ## - NÚMERO DE LA CLASIFICACIÓN DECIMAL DEWEY | |
| Número de clasificación | 759.728.4 |
| Número de ítem | F672e |
| 100 ## - ENTRADA PRINCIPAL--NOMBRE DE PERSONA | |
| Nombre de persona | Croquer, Luis. |
| 9 (RLIN) | 1822 |
| 245 00 - MENCIÓN DEL TÍTULO | |
| Título | El Salvador : |
| Resto del título | panorámica de la pintura siglo XX : muestra Puntos Cardinales = A panorama of 20th century painting : Cardinal Points exhibition / |
| Mención de responsabilidad, etc. | Luis Croquer, textos curatoriales ; Bélgica Rodríguez, introducción ; Federico Trujillo, fotografía ; Claudia Allwood, coordinación editorial. |
| 246 30 - FORMA VARIANTE DEL TITULO | |
| Título propio/Titulo breve | Panorámica de la pintura siglo XX |
| 246 31 - FORMA VARIANTE DEL TITULO | |
| Título propio/Titulo breve | El Salvador : a panorama of 20th century painting |
| 250 ## - MENCION DE EDICION | |
| Mención de edición | 1. ed. |
| 260 ## - PUBLICACIÓN, DISTRIBUCIÓN, ETC. | |
| Lugar de publicación, distribución, etc. | San Salvador : |
| Nombre del editor, distribuidor, etc. | Banco Agrícola, |
| Fecha de publicación, distribución, etc. | c2004. |
| 300 ## - DESCRIPCIÓN FÍSICA | |
| Extensión | 191 p. : |
| Otras características físicas | col. ill. ; |
| Dimensiones | 35 cm. |
| 504 ## - NOTA DE BIBLIOGRAFÍA, ETC. | |
| Nota de bibliografía, etc. | Includes bibliographical references (p. 191). |
| 505 ## - NOTA DE CONTENIDO CON FORMATO | |
| Título | Presentación |
| -- | Prologo |
| -- | Introducción |
| -- | Puntos Cardinales: Propuesta curatorial |
| -- | Memoria y Cultura |
| -- | Rostros y Figuras |
| -- | Realidad y Fantasia |
| -- | Entorno y materia |
| -- | Una aproximación Histórica |
| -- | Construyendo un sueño |
| -- | Bibliografia |
| 546 ## - NOTA DE IDIOMA | |
| Nota de lengua/lenguaje | Spanish text with parallel English translation. |
| 650 #0 - PUNTO DE ACCESO ADICIONAL DE MATERIA--TÉRMINO DE MATERIA | |
| Término de materia o nombre geográfico como elemento de entrada | Painting, Salvadoran |
| Subdivisión cronológica | 20th century. |
| 9 (RLIN) | 1823 |
| 700 1# - ENTRADA AGREGADA--NOMBRE PERSONAL | |
| Nombre de persona | Croquer, Luis. |
| 9 (RLIN) | 1824 |
| 948 0# - PROCESAMIENTO DE INFORMACIÓN LOCAL (OCLC); DESIGNADOR DE PARTE DE LA SERIE (RLIN) | |
| Designador de la parte de la serie, SPT (RLIN) | 20060222 |
| b (OCLC) | b |
| c (OCLC) | rhg9 |
| d (OCLC) | SCMC |
| 948 1# - PROCESAMIENTO DE INFORMACIÓN LOCAL (OCLC); DESIGNADOR DE PARTE DE LA SERIE (RLIN) | |
| Designador de la parte de la serie, SPT (RLIN) | 20090623 |
| b (OCLC) | c |
| c (OCLC) | rhg9 |
| d (OCLC) | SCMC |
| Estatus retirado | Estado de pérdida | Fuente del sistema de clasificación o colocación | Estado de daño | No para préstamo | Biblioteca de origen | Biblioteca actual | Ubicación en estantería | Fecha de adquisición | Total de préstamos | Signatura topográfica completa | Código de barras | Visto por última vez | Precio de reemplazo | Tipo de ítem Koha |
|---|---|---|---|---|---|---|---|---|---|---|---|---|---|---|
| Clasificación Decimal Dewey | Biblioteca LadoV | Biblioteca LadoV | 28/11/2014 | 759.728.4 F672e | 003967 | 28/11/2014 | 28/11/2014 | Material 01 |
